000 00694cam a22002411a 4500
001 sa 66001547
003 DLC
005 20260227112223.0
008 940824s1963 ii k 000 0 eng
010 _asa 66001547
035 _a(OCoLC)30999390
040 _aDLC
_cNcD-L
_dDLC
042 _apremarc
043 _aa-ii---
050 0 0 _aKNU8103.8
_b.A28 1963
110 1 _aUttar Pradesh (India)
245 1 4 _aThe law relating to sugar factories in Uttar Pradesh /
_cby P.L. Malik.
250 _a2nd ed.
260 _aLucknow :
_bEastern Book Co.,
_c1963.
300 _a115 p. :
_bforms ;
_c25 cm.
650 0 _aSugar laws and legislation
_zIndia
_zUttar Pradesh.
700 1 _aMalik, P. L.
999 _c67864
_d67864